Statistics for State Capitals That Beat Salt Lake City

Click here to take the quiz!

General Stats

  • This quiz has been taken 542 times
  • The average score is 12 of 14

Answer Stats

RankCategoryState Capital% Correct
10Farthest WestHonolulu | Juneau | Salem | Olympia | Sacramento | Carson City | Boise | Phoenix | Helena
100%
9Closest to MexicoPhoenix | Austin | Santa Fe | Oklahoma City | Baton Rouge | Carson City | Sacramento | Denver
100%
9Most SnowMontpelier | Juneau | Augusta | Concord | Cheyenne | Albany | Hartford | Lansing
95%
8Least PrecipitationPhoenix | Carson City | Helena | Boise | Santa Fe | Denver | Cheyenne
92%
9Fastest Growing (2010-2020)Austin | Raleigh | Boise | Nashville | Bismarck | Des Moines | Olympia | Denver
91%
5Largest AirportAtlanta | Denver | Phoenix | Boston
89%
5Farthest From Another State CapitalHonolulu | Juneau | Phoenix | Austin
89%
5Highest ElevationSanta Fe | Cheyenne | Denver | Carson City
89%
9Highest GDP Per CapitaBoston | Des Moines | Trenton | Madison | Hartford | Denver | Austin | St. Paul
87%
3Closest to DenverCheyenne | Santa Fe
82%
8Highest Metro Population Without a NFL TeamSacramento | Austin | Columbus | Providence | Oklahoma City | Raleigh | Richmond
81%
6Last AlphabeticallyTrenton | Topeka | Tallahassee | Springfield | Santa Fe
77%
9Tallest State Capitol BuildingBaton Rouge | Lincoln | Springfield | Topeka | Tallahassee | Austin | Charleston | Olympia
74%
2(t)Longest NameJefferson City | Indianapolis(t) | Oklahoma City(t)
68%

Score Distribution

Percentile by Number Answered

Percent of People with Each Score

Your Score History

You have not taken this quiz